00695cam a2200193 a 4500001000800000005001700008008004100025020001600066040001800082082002100100100002200121245008500143260005400228300001900282500008800301942000600389952009300395999001300488248364220240222004725.0911031s1990 ce ac b 000 0 eng  a9552600049  aDLCcDLCdDLC 222a322.42.bROH1 aGunaratna, Rohan,10aSri Lanka, a lost revolution? :bthe inside story of the JVP /cRohan Gunaratna. aKandy :bInstitute of Fundamental Studies,c1990. aviii, 366 p. : aAbout the Janatā Vimukti Peramuṇa, politico-military organization in Sri Lanka. cL 001040708LaWERCLbWERCLd2024-02-22l0o322.42. ROHp1693r2024-02-22w2024-02-22yL c470d470